00823nam a22002057a 4500003000400000005001700004008004100021040002100062050002700083100002500110245008300135260007500218300001000293650005900303650004800362650004000410942001500450952013500465999001700600OSt20260610124646.0260610b |||||||| |||| 00| 0 eng d cChuka University aLB 2822.82b . B7 1999 aBrown John .L928251 aThe hero's journeybHow educators can transform schools and improve learning  a1999bAssociation for supervision and curriculum developmentcVirginia a194p. aSchool improvement programs.... United States928059 aEducational change.... United States928252 aEducators .... United States928253 2lcccSLn0 00102lcc40708LGLaCHKbCHKcGENd2026-06-10g2056.00l0oLB 2822.82 . B7 1999p33787/2026r2026-06-10 12:55:08w2026-06-10ySL c23808d23808